000 00335nam a2200133Ia 4500
008 240624s9999 xx 000 0 und d
041 _aeng
082 _a954 RUT
100 _aRUTHERFORD ALEX
245 _aEMPIRE OF THE MOGHUL BROTHERS AT WAR
260 _c2010
_aLondon
_bHeadline
300 _a436 : p. : cm. ; 23
365 _cRS
_b20
999 _c17188
_d17188